000 00611nam a2200181Ia 4500
008 100920s9999 xx 000 0 und d
082 _b96743
_a891.464 न 06
100 _aडहाळे संजय.
245 _aकिस्से रंगकर्मीचे.
260 _bअमोद प्रकाशन, मुंबई.
_c2006
300 _a122
_bसाधी
365 _b150
520 _aनिबंध.
630 _aकिस्से रंगकर्मीचे.
650 _aनिबंध.
730 _aकिस्से रंगकर्मीचे.
942 _cBOOK
999 _c737182
_d737179